000 00566nam a2200205Ia 4500
003 GCL
008 140319s9999 xx 000 0 eng d
040 _aGCL /
_cGCL
082 0 4 _a153
_bB I
100 1 _aBAARS, BERNARD J.
245 1 0 _aIN THE THEATER OF CONSCIOUSNESS: THE WORK SPACE OF THE MIND /
_cBAARS, BERNARD J.
260 _a[S.N] :
_bOXFORD UNIVERSITY PRESS ،
_c1997
300 _a193 P
650 0 4 _aHUMAN INFORMATION PROCESSING
650 0 4 _aCONSCIOUSNESS
650 0 4 _aTHEATER
650 0 4 _aCOGNITION
650 0 4 _aINTELLECT
942 _2ddc
_cBK
999 _c15944
_d15944